Showers of blessings. (Record no. 7427)

000 -LEADER
fixed length control field 00565nam a2200193 a 4500
001 - CONTROL NUMBER
control field :::00005188$&:&@@
003 - CONTROL NUMBER IDENTIFIER
control field OkBaRHE
005 - DATE AND TIME OF LATEST TRANSACTION
control field 20000607103323.0
008 - FIXED-LENGTH DATA ELEMENTS--GENERAL INFORMATION
fixed length control field s1973 j 000 0 eng u
040 ## - CATALOGING SOURCE
Transcribing agency
100 1# - MAIN ENTRY--PERSONAL NAME
Personal name Hobbs, Herschel H.
245 10 - TITLE STATEMENT
Title Showers of blessings.
260 ## - PUBLICATION, DISTRIBUTION, ETC. (IMPRINT)
Place of publication, distribution, etc Grand Rapids, MI., :
Name of publisher, distributor, etc Baker Book House
Date of publication, distribution, etc c1973
300 ## - PHYSICAL DESCRIPTION
Extent 122 p. ;
Dimensions 20 cm.
650 ## - SUBJECT ADDED ENTRY--TOPICAL TERM
Topical term or geographic name as entry element Beatitudes
General subdivision Meditations
650 ## - SUBJECT ADDED ENTRY--TOPICAL TERM
Topical term or geographic name as entry element Meditations
942 ## - ADDED ENTRY ELEMENTS (KOHA)
Source of classification or shelving scheme
Koha item type Books
Copies
Full call number Date last seen Barcode Withdrawn status Shelving location Damaged status Date acquired Price effective from Lost status Permanent Location Source of classification or shelving scheme Not for loan Copy number Koha item type
BT 382 .H622010-04-145188 General Stacks 2010-04-142010-04-14 RHEMA Bible Training College  1Books